000 00342nam a2200133Ia 4500
008 240624s9999 xx 000 0 und d
041 _aeng
082 _a332.6092 GRA
100 _aCARLEN JOE
245 _aEINSTEIN OF MONEY THE LIFE AND TIMELESS
260 _c2012
_aNew York
_bPrometheus Books
300 _a368 p.; 23 cm.
365 _c
_b38
999 _c31568
_d31568